| 000 | 00730nam a22002057a 4500 | ||
|---|---|---|---|
| 005 | 20251108172642.0 | ||
| 008 | 250721s1997 xx 000 0 ara d | ||
| 082 | 1 | 4 | _a343,096/حسن |
| 100 | 1 | _aحسني، أحمد | |
| 245 | 1 | 0 | _aالحوادث البحرية : التصادم و الأنقاذ في القانون البحري الجديد و القانون الفرنسي الخاص . / |
| 264 | 1 |
_aالإسكندرية : _bمنشأة المعارف، _c1997. |
|
| 300 | _a288 ص | ||
| 650 | 1 | 7 | _aالقانون |
| 650 | 1 | 7 | _aالقانون البحري |
| 650 | 1 | 7 | _aالقانون التجاري |
| 650 | 1 | 7 | _aمحاكم البحري |
| 650 | 1 | 7 | _aالحوادث البحري |
| 942 |
_2ddc _cBK |
||
| 999 |
_c85049 _d85049 |
||